CHEMICAL AND CATALYTIC REACTION ENGINEERING (Registro nro. 5256)
[ vista simple ]
| 000 -LEADER | |
|---|---|
| fixed length control field | 00523nam a2200181 a 4500 |
| 001 - CONTROL NUMBER | |
| control field | 5256 |
| 005 - DATE AND TIME OF LATEST TRANSACTION | |
| control field | 20180713185119.0 |
| 008 - FIXED-LENGTH DATA ELEMENTS--GENERAL INFORMATION | |
| fixed length control field | 140415d 000 0 eng d |
| 041 ## - LANGUAGE CODE | |
| Language code of text/sound track or separate title | eng |
| 082 ## - DEWEY DECIMAL CLASSIFICATION NUMBER | |
| Classification number | 660.299 |
| Item number | CAR |
| 100 1# - MAIN ENTRY--PERSONAL NAME | |
| Personal name | CARBERRY, JAMES J. |
| 245 10 - TITLE STATEMENT | |
| Title | CHEMICAL AND CATALYTIC REACTION ENGINEERING |
| 250 ## - EDITION STATEMENT | |
| Edition statement | 1a ed. |
| 260 ## - PUBLICATION, DISTRIBUTION, ETC. | |
| Place of publication, distribution, etc. | [s.l.] : |
| Name of publisher, distributor, etc. | MC GRAW HILL BOOK COMPANY, |
| Date of publication, distribution, etc. | [s.f.] |
| 300 ## - PHYSICAL DESCRIPTION | |
| Extent | 642 |
| 490 ## - SERIES STATEMENT | |
| Series statement | MCGRAW HILL CHEMICAL ENGINEERING SERIES |
| 650 14 - SUBJECT ADDED ENTRY--TOPICAL TERM | |
| Topical term or geographic name entry element | CATALISIS |
| General subdivision | PROCESOS QUIMICOS |
| Withdrawn status | Lost status | Source of classification or shelving scheme | Damaged status | Not for loan | Collection code | Home library | Current library | Shelving location | Date acquired | Source of acquisition | Inventory number | Total Checkouts | Full call number | Barcode | Date last seen | Price effective from | Koha item type |
|---|---|---|---|---|---|---|---|---|---|---|---|---|---|---|---|---|---|
| Dewey Decimal Classification | General | Biblioteca Karol Wojtyla | Biblioteca Karol Wojtyla | Área de silencio | 03/12/2013 | Compra | 151000000000000000030790 | 660.299 CAR | 16916 | 05/01/2026 | 03/12/2013 | Libro |